000
00339 a2200157 4500
001
63996
020
_a
978857873095
040
_c
Anchieta - Pituba
100
_a
Savian Filho, Juvenal
240
1
0
_a
Argumentação
_l
por
245
1
0
_a
Argumentação
300
_a
74
362
0
_a
2015
650
4
_a
Argumento e persuasão
942
_c
BK
999
_c
63996
_d
63996